000 01003nam a22002771i 4500
001 4536990
003 EG-ScBUE
005 20250727095802.0
008 861111s1971 enkad f b 001 0 eng
020 _a0198597053
040 _aEG-ScBUE
_beng
_erda
_cEG-ScBUE
_dEG-ScBUE
082 0 4 _a541
_222
_bSAU
100 1 _aSaunders, Leonard,
_97393
_eauthor.
245 1 0 _aPrinciples of physical chemistry for biology and pharmacy /
_cL. Saunders, D.Sc., F.R.I.G., Professor of Pharmaceutical Chemistry, University of London.
250 _aSecond, (Si) edition.
264 1 _aLondon :
_bOxford University Press,
_c1971.
300 _axi, 420 pages :
_bdiagrams, tables ;
_c23 cm
336 _2rdacontent
_atext
_btxt
337 _aunmediated
_2rdamedia
_bn
338 _avolume
_bnc
_2rdacarrier
500 _aIncludes Appendices.
504 _aIncludes bibliographical references and index.
650 7 _aChemistry, Physical and theoretical.
_97394
_2BUEsh
655 _vReading book
942 _2ddc
_cBB
999 _c12158
_d12158